000 01109nam a2200229 i 4500
001 164522
003 ES-MaACL
005 20231229063049.0
008 931025m18511852sp a |||| |bspa d
100 1 _aSan Miguel, Evaristo,
_d1785-1862
_9132380
245 1 0 _aVida de D. Agustín de Argüelles /
_cpor Evaristo San Miguel.
260 _aMadrid :
_b[s.n.],
_c1851-1852 (
_fImp. del Colegio de Sordo-mudos)
300 _a4 v. :
_b1 retr. ;
_c23 cm.
530 _aDisponible en formato digital.
596 _at. II: Imp. de los señores Andrés y Díaz - t. III y IV: Imp. de Díaz y compañía.
597 _aT. I, 1851 (479 p., [1] h. de lám.) - t. II, 1851 (488 p.) - t. III, 1851 (480 p.) - t. IV, 1852 (491 p.)
599 _aH. de grab. en t. I: retrato de Argüelles "C. Legrand; Lit. de Bachiller"
600 1 4 _aArgüelles, Agustín,
_d1776-1844
_922710
852 _aES-MaACL
_jD-1088-91
_z- Enc. hol.
856 _uhttp://bibliotecadigitalhispanica.bne.es:80/webclient/DeliveryManager?pid=2702525&custom_att_2=simple_viewer
_zBiblioteca Digital Hispánica
999 _c164522
_d164522